000 01097cam a22003132 4500
001 12563
003 BD-RjUL
005 20211208235321.0
008 140129r19541979nyua b 001 0 eng d
035 _a(BD-RjUL)12612
_aOCLC ocm01608634 from D970801M
040 _aDLC
_cFQG
_dMBU
_dOCL
_dEQO
_dBD-RjUL
_beng
041 _aeng
082 0 0 _a616.96
_bCHI 1954
_223
100 1 _aChandler, Asa C.,
_q(Asa Crawford),
_d1891-1958
_939131
245 1 0 _aIntroduction to parasitology :
_bwith special references to the parasites of man. /
_cby Asa C. Chandler.
250 _a8th ed.
260 _aNew York :
_bJ. Wiley,
_cc1949 [reprinted 1954].
300 _axii, 756 p. :
_billus.
_c24 cm.
500 _aFirst pub., 1918, under title: Animal parasites and human disease.
504 _aIncludes bibliographies and index.
650 0 _aMedical parasitology.
_939132
650 0 _aInsects as carriers of disease.
_939133
650 2 _aParasitology
_939134
650 2 _aParasites
_939135
650 2 _aParasitic Diseases
_939136
942 _2ddc
_cBK
999 _c12563
_d12563